東海道・山陽新幹線で始発がある駅を選ぶ -サドンデス- - Statistics

General Stats
  • This quiz has been taken 268 times
  • The average score is 12 of 20
Answers on the Grid
Answers color-coded by a green-red scale on the quiz's grid according to % correct below.
東京
品川
新横浜
小田原
熱海
三島
新富士
静岡
掛川
浜松
豊橋
三河安城
名古屋
岐阜羽島
米原
京都
新大阪
新神戸
西明石
姫路
相生
岡山
新倉敷
福山
新尾道
三原
東広島
広島
新岩国
徳山
新山口
厚狭
新下関
小倉
博多
 
Answer Stats
Answer % Correct
6:00など 東京
99%
6:20など 名古屋
83%
6:00など 新大阪
83%
6:00など 博多
83%
6:00など 広島
80%
6:01など 岡山
78%
6:00など 品川
74%
6:00など 新横浜
73%
6:14など 三島
72%
6:02など 静岡
70%
6:00 / 7:10 姫路
62%
6:20など 浜松
55%
6:34 小倉
51%
6:01 西明石
47%
6:10 福山
40%
6:03 京都
39%
6:11 / 11:10 新下関
36%
6:27 / 7:05 新山口
34%
6:24 三原
32%
6:34 新岩国
12%
No matching quizzes found
Score Distribution
Percent of People with Each Score
Percentile by Number Answered
Your Score History
You have not taken this quiz